000 00457nam a2200181Ia 4500
001 13055
005 20260306163025.0
008 260306t2017||||xx |||||||||||||| ||spa||
041 _aESP
082 _aRD 658.3003
_bA43N T. 1 2015
100 _aAlles, Martha Alicia
_eAUT
245 0 _aDiccionario de competencias:
_bla trilogía
260 _c2017
300 _a258 páginas :
_c23 cm.
650 _aGEN
654 _aCAN
942 _cDIC
_dJUS
_fJUS
_2ddc
_n
999 _c13055
_d13055